|
|
|
|
| LEADER |
00000nab a2200000 a 4500 |
| 001 |
vtls011122879 |
| 003 |
SK-MaSNL |
| 005 |
20260303210817.0 |
| 008 |
230121|2005 xo |||||||||||||||||slo| |
| 015 |
|
|
|a SNBRB
|
| 035 |
|
|
|a (uuid)13e702fd-cbc8-4356-ba5a-545fa3f0d397
|
| 035 |
|
|
|a (urnnbn)urn:nbn:sk:snk:ar-a08xl1
|
| 035 |
|
|
|a urn:nbn:sk:snk-ab9v1g
|
| 040 |
|
|
|a SNKBUCL
|b slo
|c SNKBUCL
|e AACR2
|
| 041 |
0 |
|
|a slo
|
| 044 |
|
|
|a xo
|c SK
|
| 100 |
1 |
|
|a Žifčák, František,
|d 1951-
|4 aut
|9 235507
|
| 245 |
1 |
0 |
|a Spišský historik Samuel Weber (1835 - 1908) :
|b (K 170. výročiu narodenia)
|c František Žifčák
|
| 773 |
0 |
|
|t Historický zborník
|g Roč. 15, č. 1 (2005), s. 205-207
|
| 958 |
|
|
|a OND
|
| 958 |
|
|
|a EUIPO
|
| 958 |
|
|
|a article13
|
| 999 |
|
|
|c 2201879
|d 2203809
|